000 00636nam a2200277Ia 4500
005 20260324140610.0
008 008 260324s9999 xx 000 0 eng d
020 _a9780080507385
037 _aEBOOK
040 _aCRL
040 _beng
040 _cCRL
041 _2eng
041 _aeng
084 _qCRL
100 _aMichael J. Marquardt, Ed.D.
_91205017
245 4 _aThe Global Advantage
260 _bTaylor and Francis
260 _c1998
365 _a
365 _b230
856 _uhttp://www.taylorfrancis.com/books/9780080507385
942 _cEBOOK
999 _c1807243
_d1807243